Les régions d'Italie - Statistiques

Statistiques générales
  • Ce quiz a été pris 91 fois
  • Le résultat moyen est 12 sur 20
Statistiques - réponses
Par images Réponse % Correct
SARDEGNA
100%
SICILIA
100%
TOSCANA
80%
LOMBARDIA
75%
PIEMONTE
75%
PUGLIA
72%
CALABRIA
70%
EMILIA-ROMAGNA
68%
LAZIO
67%
LIGURIA
62%
CAMPANIA
55%
VALLE D'AOSTA
55%
UMBRIA
52%
VENETO
52%
FRIULI-VENEZIA GIULIA
47%
BASILICATA
40%
MARCHE
40%
TRENTINO-ALTO ADIGE
33%
ABRUZZO
28%
MOLISE
28%
Aucun quiz correspondant
Distribution des résultats
% des personnes avec chaque résultat
Percentile par nombre de réponses
Votre historique - résultats
Vous n’avez pas pris ce quiz